Bâtiments du monde - Statistiques

Statistiques générales
  • Ce quiz a été pris 157 fois
  • Le résultat moyen est 7 sur 8
Statistiques - réponses
Par images Réponse % Correct
Tour Eiffel
98%
Tour de Pise
95%
Big Ben
93%
Statue de la liberté
93%
Taj Mahal
91%
Arc de Triomphe
89%
Opéra de Sydney
80%
Pyramides de Gizeh
46%
Aucun quiz correspondant
Distribution des résultats
% des personnes avec chaque résultat
Percentile par nombre de réponses
Votre historique - résultats
Vous n’avez pas pris ce quiz